Picture yourself learning Mac OS x 10.5 Leopard (Record no. 14769)
[ view plain ]
| 000 -LEADER | |
|---|---|
| fixed length control field | 01205nam a22003254a 4500 |
| 082 04 - DEWEY DECIMAL CLASSIFICATION NUMBER | |
| Classification number | 005.4/4682 |
| 100 1# - MAIN ENTRY--AUTHOR NAME | |
| Personal name | Boles, David W. |
| 245 10 - TITLE STATEMENT | |
| Title | Picture yourself learning Mac OS x 10.5 Leopard |
| 260 ## - PUBLICATION, DISTRIBUTION, ETC. (IMPRINT) | |
| Place of publication | Boston, MA : |
| Name of publisher | Thompson Course Technology, |
| Year of publication | c2008. |
| 300 ## - PHYSICAL DESCRIPTION | |
| Number of Pages | xii, 208 p. : |
| Other physical details | col. ill. |
| 500 ## - GENERAL NOTE | |
| General note | Includes index. |
| 650 #0 - SUBJECT ADDED ENTRY--TOPICAL TERM | |
| Topical Term | Operating systems (Computers) |
| Topical Term | Macintosh (Computer) |
| 856 40 - ELECTRONIC LOCATION AND ACCESS | |
| Uniform Resource Identifier | http://site.ebrary.com/lib/rucke/Doc?id=10255060 |
No items available.
